书目信息 |
| 题名: |
植被高光谱遥感
|
|
| 作者: | 刘良云 著 | |
| 分册: | ||
| 出版信息: | 武汉 湖北科学技术出版社 2021 |
|
| 页数: | 232页 | |
| 开本: | 26cm | |
| 丛书名: | 高光谱遥感科学丛书 | |
| 单 册: | ||
| 中图分类: | Q948.15-39 | |
| 科图分类: | ||
| 主题词: | 光谱分辨率--guang pu fen bian lv--光学遥感--应用--植被 | |
| 电子资源: | ||
| ISBN: | 978-7-5706-0659-7 | |
| 000 | 01550oam2 2200277 450 | |
| 001 | 2151122246 | |
| 005 | 20211018173724.0 | |
| 010 | @a978-7-5706-0659-7@b精装@dCNY198.00 | |
| 100 | @a20210604d2021 em y0chiy0120 ea | |
| 101 | 0 | @achi |
| 102 | @aCN@b420000 | |
| 105 | @aa z 000yy | |
| 106 | @ar | |
| 200 | 1 | @a植被高光谱遥感@Azhi bei gao guang pu yao gan@dHyperspectral remote sensing of vegetation@f刘良云著@zeng |
| 210 | @a武汉@c湖北科学技术出版社@d2021 | |
| 215 | @a232页@c彩图@d26cm | |
| 225 | 2 | @a高光谱遥感科学丛书@Agao guang pu yao gan ke xue cong shu@f童庆禧,薛永祺主编 |
| 300 | @a国家出版基金项目 湖北省学术著作出版专项资金 | |
| 330 | @a《植被高光谱遥感》为作者团队10余年来的成果总结,重点介绍植被高光谱遥感基本原理、方法、应用案例与前沿特点内容,全书共分为11章。第1章介绍了植被高光谱遥感生理基础与冠层尺度问题,第2章阐述了反射率光谱定义与植被光谱特征,第3章介绍了植被指数与光谱特征提取,第4章介绍了植被遥感物理模型,第5章介绍了植被定量遥感反演机制与方法,第6章介绍了叶绿素含量光谱反演机制与方法,第7章介绍了FPAR的光谱反演原理与方法,第8章介绍了植被含水量光谱反演机制与方法,第9章介绍了植被叶绿素荧光光谱探测机制与算法,第10章介绍了植被叶绿素荧光与植被光合生理探测,第11章介绍了农业灾害光谱探测原理与方法。 | |
| 461 | 0 | @12001 @a高光谱遥感科学丛书 |
| 510 | 1 | @aHyperspectral remote sensing of vegetation@zeng |
| 606 | 0 | @a光谱分辨率@Aguang pu fen bian lv@x光学遥感@x应用@x植被 |
| 690 | @aQ948.15-39@v5 | |
| 701 | 0 | @a刘良云@Aliu liang yun@4著 |
| 801 | 0 | @aCN@b百万庄@c20211018 |
| 905 | @b1310400-03@dQ948.15-39@e511@f4 | |
| 植被高光谱遥感=Hyperspectral remote sensing of vegetation/刘良云著.-武汉:湖北科学技术出版社,2021 |
| 232页:彩图;26cm.-(高光谱遥感科学丛书/童庆禧,薛永祺主编) |
| 国家出版基金项目 湖北省学术著作出版专项资金 |
| ISBN 978-7-5706-0659-7(精装):CNY198.00 |
| 《植被高光谱遥感》为作者团队10余年来的成果总结,重点介绍植被高光谱遥感基本原理、方法、应用案例与前沿特点内容,全书共分为11章。第1章介绍了植被高光谱遥感生理基础与冠层尺度问题,第2章阐述了反射率光谱定义与植被光谱特征,第3章介绍了植被指数与光谱特征提取,第4章介绍了植被遥感物理模型,第5章介绍了植被定量遥感反演机制与方法,第6章介绍了叶绿素含量光谱反演机制与方法,第7章介绍了FPAR的光谱反演原理与方法,第8章介绍了植被含水量光谱反演机制与方法,第9章介绍了植被叶绿素荧光光谱探测机制与算法,第10章介绍了植被叶绿素荧光与植被光合生理探测,第11章介绍了农业灾害光谱探测原理与方法。 |
| ● |
| 相关链接 |
|
|
|
|
正题名:植被高光谱遥感
索取号:Q948.15-39/511
 
预约/预借
| 序号 | 登录号 | 条形码 | 馆藏地/架位号 | 状态 | 备注 |
| 1 | 1310400 | 213104004 | 第二样本阅览室/ [索取号:Q948.15-39/511] | 在馆 | |
| 2 | 1310401 | 213104013 | 第三借阅区/ [索取号:Q948.15-39/511] | 在馆 | |
| 3 | 1310402 | 213104022 | 第三借阅区/ [索取号:Q948.15-39/511] | 在馆 | |
| 4 | 1310403 | 213104031 | 第三借阅区/ [索取号:Q948.15-39/511] | 在馆 |